Statistics for Soda by picture

Click here to take the quiz!

General Stats

  • This quiz has been taken 629 times
    (528 since last reset)
  • The average score is 6 of 7

Answer Stats

Answer% Correct
Coke
99%
Sprite
98%
Fanta
97%
Pepsi
95%
Root beer
72%
Mountain Dew
50%
Dr Pepper
48%

Score Distribution

Percentile by Number Answered

Percent of People with Each Score

Your Score History

You have not taken this quiz since the last reset